000 00592nam a2200193 i 4500
001 78560
003 ES-MaACL
005 20250929063131.0
007 t|
008 041014q1903 fr ||||1| fre d
100 1 _aHearn, Lafcadio,
_d1850-1904
_962244
245 1 3 _aLe Japon inconnu
_b: (esquisses psychologiques) /
_cLafcadio Hearn ; traduit de l'anglais par Leon Raynal.
250 _a[3eme ed.].
260 _aParis :
_bAlbin Michel,
_c[1903?]
300 _aIII, 347 p. ;
_c19 cm.
700 1 _aRaynal, Leon.
_995638
852 _aES-MaACL
_jF-9504
999 _c78560
_d78560